000 00192nam a22000857a 4500
999 _c16219
_d16219
003 OSt
008 200624b ||||| |||| 00| 0 eng d
245 _aPhysics Practical BA BSC part II
942 _cBK